Sports Quiz

Random Sports or Automobiles Quiz

2009 NASCAR Drivers Quiz Stats

Quiz not verified by Sporcle

Challenge
Share
Tweet
Embed
Score 0/46 Timer 09:00
0 Plays Today
Car Number Driver Name % Correct
18Kyle Busch
95.5%
2Kurt Busch
95%
24Jeff Gordon
95%
5Mark Martin
94.4%
7Robby Gordon
93.3%
48Jimmie Johnson
92.2%
14Tony Stewart
91.6%
88Dale Earnhardt Jr.
90.5%
9Kasey Kahne
89.4%
17Matt Kenseth
86.6%
99Carl Edwards
84.9%
20Joey Logano
84.4%
29Kevin Harvick
84.4%
42Juan Pablo Montoya
84.4%
16Greg Biffle
83.2%
1Martin Truex Jr.
82.7%
11Denny Hamlin
79.9%
55Micheal Waltrip
78.2%
39Ryan Newman
77.1%
83Brian Vickers
77.1%
98Paul Menard
76.5%
31Jeff Burton
76%
96Bobby Labonte
74.9%
Car Number Driver Name % Correct
26Jamie McMurray
74.3%
33Clint Bowyer
73.7%
07Casey Mears
72.1%
6David Ragan
71.5%
77Sam Hornish Jr.
68.2%
19Elliott Sadler
67.6%
82Scott Speed
67%
00David Reutimann
64.8%
44AJ Allmendinger
60.9%
21Bill Elliott
59.2%
78Regan Smith
58.7%
47Marcos Ambrose
58.1%
87Joe Nemechek
54.2%
12David Stremme
47.5%
43Reed Sorenson
47.5%
13Max Papis
43.6%
71David Gilliland
40.8%
66David Blaney
39.7%
34John Andretti
37.4%
41Jeremy Mayfield
33.5%
37Tony Raines
32.4%
25Brad Keslowski
24%
8Aric Amirola
9.5%

You're not logged in!

Compare scores with friends on all Sporcle quizzes.
Sign Up with Email
OR
Log In

You Might Also Like...

Show Comments

Extras

Top Quizzes Today


Score Distribution

Your Account Isn't Verified!

In order to create a playlist on Sporcle, you need to verify the email address you used during registration. Go to your Sporcle Settings to finish the process.

Report this User

Report this user for behavior that violates our Community Guidelines.

Details: